00882cam a22002654a 450000100090000000300090000900500170001800700030003500800340003802000150007204000340008708200250012110000470014624500680019324600250026126400290028630000320031533600270034733700350037433800300040949000240043950400400046360000890050365100240059212809596DO-SdBPM20260520122937.0ta020506s2005 sp a 000 0dspa  a844132087X aDO-SdBPMbspacBPMSUd e rda04a929bS681R 2005 2221 aRincón, María Eugenia eautora4aut.  aSofía de España : buna mujer /cMaría Eugenia Rincón  aSofía de España  aMadrid :b ABC ; c2005 a281 páginas ;c25 cm.b  atextobtxt2rdacontent asin mediación bn2rdamedia  avolumen bnc2rdacarrier 0 aBiografías vivas  aBibliografía: páginas [285-286]17aSofía, cReina consorte de Juan Carlos I, Rey de España d1938- xBiografías  4aEspañaxHistoria